Analysis of panel data / (Record no. 15250)

000 -LEADER
fixed length control field 00728cam a22002294a 4500
020 ## - INTERNATIONAL STANDARD BOOK NUMBER
ISBN 0521818559
020 ## - INTERNATIONAL STANDARD BOOK NUMBER
ISBN 0521522714 (pb.)
040 ## - CATALOGING SOURCE
Transcribing agency DLC
082 00 - DEWEY DECIMAL CLASSIFICATION NUMBER
Classification number 330 CAM 2003 A075 Co.
100 1# - MAIN ENTRY--AUTHOR NAME
Personal name Hsiao, Cheng,
245 10 - TITLE STATEMENT
Title Analysis of panel data /
250 ## - EDITION STATEMENT
Edition statement 2nd ed.
260 ## - PUBLICATION, DISTRIBUTION, ETC. (IMPRINT)
Place of publication Cambridge ;
-- New York :
Name of publisher Cambridge University Press,
Year of publication 2003.
300 ## - PHYSICAL DESCRIPTION
Number of Pages xiv, 366 p. :
Other physical details ill. ;
Dimensions 24 cm.
650 #0 - SUBJECT ADDED ENTRY--TOPICAL TERM
Topical Term Econometrics.
650 #0 - SUBJECT ADDED ENTRY--TOPICAL TERM
Topical Term Panel analysis.
650 #0 - SUBJECT ADDED ENTRY--TOPICAL TERM
Topical Term Analysis of variance.
856 41 - ELECTRONIC LOCATION AND ACCESS
Uniform Resource Identifier http://www.loc.gov/catdir/samples/cam031/2002023348.html
856 42 - ELECTRONIC LOCATION AND ACCESS
Uniform Resource Identifier http://www.loc.gov/catdir/description/cam022/2002023348.html
856 41 - ELECTRONIC LOCATION AND ACCESS
Uniform Resource Identifier http://www.loc.gov/catdir/toc/cam026/2002023348.html
942 ## - ADDED ENTRY ELEMENTS (KOHA)
Koha item type សៀវភៅភាសាអង់គ្លេស
952 ## - LOCATION AND ITEM INFORMATION (KOHA)
Withdrawn status [LOCAL, KOHA] 0
Holdings
Permanent Location Date acquired Koha item type Lost status Shelving location Barcode Current Location Full call number
Library Block A2017-11-14សៀវភៅភាសាអង់គ្លេស A075A07166Library Block A330 CAM 2003 A075 Co.
មជ្ឈមណ្ឌលឯការនៃសាកលវិទ្យាល័យភូមិន្ទកសិកម្មចំការដូង

Powered by Koha